00323 2200133 4500001002100000005001500021035002000036245007200056300000700128260002200135082000800157084001200165990001200177INLIS00000000000207420250527094836 a0010-0525000366 aLima Masalah Terbesar Sains Yang Belum Terpecahkan /cRohmat Kurnia a91 bAneka Ilmu,c2008 a500 a500 LIM a0713223